BIBLIOTECA PODER JUDICIAL
Portal Judicial TDF

Efectos de la transformación digital en el derecho del trabajo / (Registro nro. 6431)

000 -LEADER
fixed length control field 01233nab a22003017a 4500
003 - CONTROL NUMBER IDENTIFIER
control field OSt
005 - DATE AND TIME OF LATEST TRANSACTION
control field 20260202210251.0
008 - FIXED-LENGTH DATA ELEMENTS--GENERAL INFORMATION
fixed length control field 190506c xxu||||| |||| 00| 0 spa d
040 ## - CATALOGING SOURCE
Transcribing agency PJ
100 ## - MAIN ENTRY--PERSONAL NAME
9 (RLIN) 7019
Personal name Carbonero, Natalia Jacqueline
245 10 - TITLE STATEMENT
Title Efectos de la transformación digital en el derecho del trabajo /
Statement of responsibility, etc Natalia Jacqueline Carbonero.
260 ## - PUBLICATION, DISTRIBUTION, ETC. (IMPRINT)
Place of publication, distribution, etc Buenos Aires :
Name of publisher, distributor, etc AbeledoPerrot,
Date of publication, distribution, etc 2023.
300 ## - PHYSICAL DESCRIPTION
Extent p. 48
500 ## - GENERAL NOTE
General note Cita: TR LALEY AR/DOC/650/2023
505 ## - FORMATTED CONTENTS NOTE
Formatted contents note Sumario: I. Contrato y relación de trabajo.— II. Transformaciones en la histórica tipicidad del contrato de trabajo.— III. Conclusión.
505 ## - FORMATTED CONTENTS NOTE
Title ¿Te interesa el texto completo? Comunicate al correo: koha@justierradelfuego.gov.ar
650 #0 - SUBJECT ADDED ENTRY--TOPICAL TERM
9 (RLIN) 1316
Topical term or geographic name as entry element DERECHO LABORAL
650 #0 - SUBJECT ADDED ENTRY--TOPICAL TERM
9 (RLIN) 1323
Topical term or geographic name as entry element CONTRATO DE TRABAJO
650 #0 - SUBJECT ADDED ENTRY--TOPICAL TERM
9 (RLIN) 4439
Topical term or geographic name as entry element TELETRABAJO
650 #0 - SUBJECT ADDED ENTRY--TOPICAL TERM
9 (RLIN) 289
Topical term or geographic name as entry element TECNOLOGIA DE LA INFORMACION
650 #0 - SUBJECT ADDED ENTRY--TOPICAL TERM
9 (RLIN) 6081
Topical term or geographic name as entry element CIENCIA Y TECNOLOGÍA
650 #0 - SUBJECT ADDED ENTRY--TOPICAL TERM
9 (RLIN) 5233
Topical term or geographic name as entry element PANDEMIA
650 #0 - SUBJECT ADDED ENTRY--TOPICAL TERM
9 (RLIN) 5817
Topical term or geographic name as entry element INTELIGENCIA ARTIFICIAL
650 #0 - SUBJECT ADDED ENTRY--TOPICAL TERM
9 (RLIN) 273
Topical term or geographic name as entry element DERECHO INFORMATICO
650 #0 - SUBJECT ADDED ENTRY--TOPICAL TERM
9 (RLIN) 281
Topical term or geographic name as entry element INTERNET
773 0# - HOST ITEM ENTRY
Host Biblionumber 2751
Host Itemnumber 3202
Place, publisher, and date of publication Buenos Aires : AbeledoPerrot, 2013-
Title Revista de derecho laboral y seguridad social. Nº 9 - Mayo 2023
942 ## - ADDED ENTRY ELEMENTS (KOHA)
Source of classification or shelving scheme
Koha item type Analítica Artículo de Revista

No hay ítems disponibles.

12 de Octubre 789 Ushuaia - Tel:  54(02901)441571
Horario de Atención: 8.00 a 17.00 hs. 
bibliotecaush@justierradelfuego.gov.ar
koha@justierradelfuego.gov.ar
Seguinos en nuestras redes @bibliojustdf 

Con tecnología Koha